00666nam a22002417a 4500003000400000005001700004008004100021010001300062016001300075020002300088022001500111035001300126037001300139040001500152082001500167100001600182245003600198260005600234270008000290300002500370650000900395650002000404dpl20180618155450.0180618b xxu||||| |||| 00| 0 eng d aB-230437 aB-230437 c295.00a8187111747 a8187111747 aB-230437 bBPPD/PUB aDPLbENc0 a641.5bDAL aDalal Katy  aSeafood Fiesta cby Katy Dalal  aMumbai bVakils, Feffer and Simons Pvt. Ltd. c2005 aIndustry Manor, Appasaheb Marathe Marg, Prabhadevi, MumbaibMumbai e400025 axv, 184p. c24cm(Hb) aFood aFood and drinks